| 000 | 00767cam a2200205 4500 | ||
|---|---|---|---|
| 005 | 20131115094644.0 | ||
| 008 | 740205m19711973nyu 000 0 eng | ||
| 041 | 0 | _aeng | |
| 080 |
_a341 _x(094.2) |
||
| 110 | 2 | _aUnited Nations Commission on International Trade Law. | |
| 245 | 1 | 0 | _aRegister of texts of conventions and other instruments concerning international trade law. |
| 260 |
_aNew York, _bUnited Nations, _c1971-73. |
||
| 300 |
_a193 f. : _c25 cm. |
||
| 490 |
_aUnited Nations Commission on International Trade Law. _vII |
||
| 500 | _a"United Nations publication. Sales E.71.V3 [and] E.73.V.3." | ||
| 650 | 0 | _aTraktatet komerciale | |
| 650 | 0 | _2E drejta ndërkombëtare | |
| 760 | _bUnited Nations Commission on International Trade Law. | ||
| 942 |
_2udc _cBK |
||
| 999 |
_c337 _d337 |
||